[Event "URS-qualJ"]
[Site "Sochi"]
[Date "1990.??.??"]
[Round "?"]
[White "Kramnik, Vladimir"]
[Black "Tiviakov, Sergei"]
[Result "1-0"]
[WhiteElo "2450"]
[BlackElo "2500"]
[PlyCount "79"]
[EventDate "1990.??.??"]
[Source "ChessBase"]
[SourceDate "1996.11.15"]

1. d4 {E32: Nimzo-Indian: Classical (4 Qc2): 4...0-0} 1... Nf6 2. c4 e6 3. Nc3
Bb4 4. Qc2 O-O 5. a3 Bxc3+ 6. Qxc3 b6 7. Bg5 Bb7 8. Nh3 d6 9. f3 Nbd7 10. e4 e5
11. d5 a5 12. b3 h6 13. Be3 c5 14. Nf2 Nh5 15. g3 {Controls f4} 15... Bc8 16.
Be2 Ra7 17. Qd2 Qf6 18. a4 Re8 19. O-O-O Nf8 20. Kb1 Ng6 21. Rhf1 Qe7 22. Bd3
Qf6 23. Rde1 Nf8 24. f4 exf4 25. gxf4 Ng6 (25... Qh4 $5 $11 {is interesting})
26. f5 $16 26... Ne5 27. Be2 Qh4 28. Bxh6 $1 {Demolition of pawn structure}
28... Ng3 (28... gxh6 29. Qxh6) 29. hxg3 Qxh6 30. Qf4 g5 (30... Nd7 31. Rh1
Qxf4 32. gxf4 $16) 31. fxg6 (31. Qd2 31... Qg7 $18) 31... Qxg6 (31... Qxf4 32.
gxf4 Nxg6 33. f5 $16) 32. Rh1 $18 32... Kg7 (32... Qg7 33. g4 $18) 33. Rh5 f6
34. Reh1 Nf7 35. R5h4 35... Re5 $2 (35... Qg5 $18) 36. Nd3 (36. Bh5 {
and White can already relax} 36... Rxh5 37. Rxh5 37... Re7 $18) 36... Rg5 37.
Bh5 Rxh5 38. Rxh5 Re7 39. Rh7+ Kf8 (39... Kg8 {is not much help} 40. Nf2 $18)
40. Qh4 (40. Qh4 Rxe4 41. g4 $14) (40. Rh8+ {and White has reached his goal}
40... Nxh8 41. Rxh8+ Kf7 42. Rxc8 Qxe4 43. Qxe4 Rxe4 44. Rb8 $18) 1-0

[Event "URS-ch58"]
[Site "Moscow"]
[Date "1991.??.??"]
[Round "4"]
[White "Neverov, Valeriy"]
[Black "Kramnik, Vladimir"]
[Result "0-1"]
[WhiteElo "2540"]
[BlackElo "2490"]
[PlyCount "80"]
[EventDate "1991.11.??"]
[Source "ChessBase"]

1. d4 {D31: Queen's Gambit Declined: Semi-Slav without ...Nf6 (+ Marshall
Gambit and Noteboom) and Exchange Variation lines without ...Nf6} 1... d5 2. c4
c6 3. Nf3 e6 4. Nc3 dxc4 5. a4 Bb4 6. e3 b5 7. Bd2 a5 8. axb5 Bxc3 9. Bxc3 cxb5
10. b3 Bb7 11. bxc4 b4 12. Bb2 Nf6 13. Bd3 Nbd7 14. Qc2 {White plans c5} 14...
O-O 15. O-O Qc7 16. e4 e5 17. Rfe1 Rfe8 18. c5 exd4 19. Bxd4 19... h6 {
e4 becomes the focus of attention} 20. h3 {White intends e5} 20... Bc6 21. e5 {
last book move} 21... Nd5 22. e6 (22. Bc4 22... Nf8 $15) 22... Rxe6 23. Rxe6
fxe6 24. Bh7+ Kh8 25. Bxg7+ (25. Be4 e5 26. Qc4 exd4 27. Bxd5 Bxd5 28. Qxd5
28... Rd8 $17) 25... Kxg7 26. Qg6+ Kh8 27. Qxh6 {Do you see the mate threat?}
27... Nf8 28. Bf5+ Nh7 29. Bxh7 Qxh7 30. Qxe6 Ne7 31. Ne5 31... Qg7 {
Threatening mate: Qxg2} 32. g4 (32. g3 Be8 33. Re1 $17) 32... Bd5 $4 {
Black is ruining his position} (32... Be8 $19 {Black had this great chance})
33. Qxe7 $1 $16 {Eliminates the defender e7} 33... Qxe7 {A deflection} 34. Ng6+
{A double attack} 34... Kh7 {The mate threat is Qe4} 35. Nxe7 Be4 36. Re1 (36.
f3 $5 {is worth consideration} 36... Bxf3 37. Kf2 $14) 36... a4 $11 37. c6 $4 {
White has let it slip away} (37. Rxe4 a3 38. Re1 38... a2 $19) 37... a3 $4 {
makes life more difficult} (37... b3 $5 {makes it even easier for Black} 38.
Rxe4 a3 39. Kh2 $19) 38. c7 $2 (38. f3 $15 {the rescuing straw}) 38... b3 39.
c8=Q (39. Rxe4 {hoping against hope} 39... b2 40. Ra4 b1=Q+ 41. Kh2 $19) 39...
Rxc8 40. Nxc8 b2 (40... b2 41. Nd6 b1=Q 42. Rxb1 42... Bxb1 $19) 0-1

[Event "Guarapuava"]
[Site "?"]
[Date "1991.??.??"]
[Round "?"]
[White "Polgar, S."]
[Black "Kramnik, V."]
[Result "0-1"]
[WhiteElo "2430"]
[BlackElo "2490"]
[PlyCount "90"]
[EventDate "1991.??.??"]
[Source "Andry's Collect"]
[SourceDate "2000.??.??"]

1. e4 {B33: Sicilian: Pelikan and Sveshnikov Variations} 1... c5 2. Nf3 Nc6 3.
d4 cxd4 4. Nxd4 Nf6 5. Nc3 e5 6. Ndb5 d6 7. Bg5 a6 8. Na3 b5 9. Bxf6 gxf6 10.
Nd5 f5 11. Bd3 Be6 12. c3 Bg7 13. O-O Bxd5 14. exd5 Ne7 15. Qh5 15... e4 {
Black wins space} 16. Bc2 Qa5 17. Rae1 (17. Nb1 17... b4 $11) 17... Ra7 (17...
Bxc3 18. bxc3 Qxa3 19. Bxe4 fxe4 20. Rxe4 $11) 18. Kh1 (18. g4 Rg8 19. Kh1 Bxc3
20. bxc3 20... Rxg4 $14) 18... Bxc3 19. bxc3 {Deflection from a3} 19... Qxa3
20. Bb3 Qb2 (20... a5 21. f3 a4 22. Bd1 exf3 23. Rxf3 (23. gxf3 23... Qxc3 24.
Qxf5 24... Rc7 $15) (23. Bxf3 $6 23... Kd8 $14 (23... Qxa2 $2 {
is worthless because of} 24. Qxf5 Qc4 25. Bh5 $18)) 23... Qxa2 24. Rfe3 $16)
21. f3 21... Rg8 {Do you see the mate threat?} 22. g3 f4 23. fxe4 23... fxg3 {
The mate threat is g2} 24. Rxf7 Kd8 25. Qh6 (25. Rf3 Rc7 26. hxg3 26... Rxc3
$11) 25... Qxc3 {Threatening mate... how?} 26. Rf8+ (26. Qxd6+ Ke8 27. Rxe7+
Rxe7 28. Qb8+ Kd7 29. Qb7+ Kd8 30. Qb8+ Kd7 31. Qb7+ Kd8 32. Qb8+ 32... Kd7 $11
) 26... Rxf8 27. Qxf8+ 27... Kd7 {Black threatens strongly Qxe1} 28. Rf1 {
With the decisive threat Bd1} 28... Qe3 29. Qf4 Qxf4 30. Rxf4 gxh2 31. Bd1 Kc7
32. Rf7 (32. Rf6 32... Ng6 $15) 32... Kb6 $17 33. Rxh7 Rc7 34. Kxh2 (34. Rxh2
Rc1 35. Rd2 35... Ng6 $17) 34... Nxd5 $1 {Theme: Clearance for c7-h7} 35. Rxc7
(35. exd5 Rxh7+) 35... Nxc7 $19 36. Kg3 Kc5 37. Kf4 Kd4 38. Kf5 b4 39. Ba4 a5
40. Bc6 Kc5 41. Bd7 Nb5 42. e5 dxe5 43. Kxe5 Nc3 44. Be6 44... Nxa2 $1 {
takes home the point} 45. Bxa2 (45. Kf4 {hardly improves anything} 45... a4 46.
Bxa2 46... b3 $19) 45... a4 (45... a4 46. Be6 46... b3 $19) 0-1

[Event "Chalkidiki"]
[Site "?"]
[Date "1992.??.??"]
[Round "9"]
[White "Kramnik, V."]
[Black "Ulibin, M."]
[Result "1-0"]
[WhiteElo "2625"]
[BlackElo "2570"]
[PlyCount "97"]
[EventDate "1992.??.??"]

1. d4 {E11: Bogo-Indian} 1... e6 2. c4 Nf6 3. Nf3 Bb4+ 4. Bd2 Qe7 5. g3 Nc6 6.
Nc3 O-O 7. Bg2 Bxc3 8. Bxc3 Ne4 9. Rc1 d6 10. d5 Nd8 11. dxe6 Nxe6 12. Bb4 Bd7
13. Ne5 N6c5 14. Nxd7 Nxd7 15. O-O a5 16. Ba3 Rfe8 17. b3 b6 18. Bb2 Rad8 19.
Qd4 Qf6 20. Qxf6 Ndxf6 21. Rfd1 21... h6 {last book move} 22. e3 Nd7 23. Kf1
Re7 24. Ke2 Rde8 25. g4 Re6 26. h4 R6e7 27. Bf3 Ndc5 28. Rd5 Na6 29. a3 {
Controls b4} 29... Nac5 30. b4 axb4 31. axb4 Na6 32. b5 {White gets more space}
32... Nac5 {The knight feels good on c5} 33. Ra1 Nf6 (33... Kf8 34. Ra7 $11)
34. Rdd1 (34. Bxf6 gxf6 35. Ra7 35... Nb3 $16) 34... Nfe4 $11 35. Ra7 Kf8 36.
g5 (36. Bxe4 Nxe4 (36... Rxe4 37. Rxc7 Rxg4 38. Rxd6 $16) 37. Rda1 37... Nc5
$14) 36... hxg5 37. hxg5 Nxg5 38. Bc6 {White can be proud of that piece} 38...
Rc8 39. Rh1 Kg8 40. Raa1 Nce6 41. Rh4 {White threatens strongly Rah1} 41... f6
{Consolidates e5} 42. Rg1 {White intends Bd5} 42... Kf7 43. Bd5 {Threatening f4
} 43... Ke8 44. Rh8+ Nf8 45. f4 Nge6 46. Kf3 46... f5 $2 (46... c5 47. bxc6
47... Nc7 $18) 47. Rg6 Nc5 (47... Rd8 {is one last hope} 48. Rxe6 Rxe6 49. Bxe6
Ke7 50. Bxf5 Ne6 51. Rxd8 Nxd8 52. Bxg7 52... Ne6 $18) 48. Bxg7 Rf7 49. Bxf8 (
49. Bxf8 Rxf8 50. Rxf8+ Kxf8 51. Rg8+ Ke7 52. Rxc8 $18) 1-0

[Event "Manila olm"]
[Site "Manila"]
[Date "1992.??.??"]
[Round "?"]
[White "Kramnik, Vladimir"]
[Black "Lanka, Zigurds"]
[Result "1-0"]
[WhiteElo "2590"]
[BlackElo "2490"]
[PlyCount "87"]
[EventDate "1992.06.??"]
[Source "ChessBase"]

1. d4 {E81: King's Indian: Saemisch: 6th move deviations (including 6 Be3 c6)}
1... Nf6 2. c4 g6 3. Nc3 Bg7 4. e4 d6 5. f3 O-O 6. Be3 Nbd7 7. Qd2 c5 8. d5 Ne5
9. Bg5 Nfd7 10. Bh6 Bxh6 11. Qxh6 a6 12. h4 f6 13. Qd2 Qa5 14. f4 Nf7 15. Nf3
Rb8 16. a4 16... Nb6 {last book move} 17. Bd3 Bg4 18. Nh2 18... Bd7 {
Can a4 get defended?} 19. b3 Kh8 20. O-O Na8 21. Qb2 Rg8 22. Nf3 Bg4 23. e5 {
Nimzovich: attack the chain at its base} (23. Ne2 Bxf3 24. Rxf3 24... Rbe8 $14)
23... Bxf3 24. exf6 Bg4 ({Not} 24... exf6 25. Rxf3 Qd8 26. Ne4 $16) 25. fxe7
Rg7 (25... Nc7 26. Ne4+ Rg7 27. Nf6 $11) 26. Ne4 $11 26... Nc7 27. Nf6 27...
Bh5 $4 {allows the opponent back into the game} (27... Nh6 $15 {
would keep Black alive}) 28. Rae1 (28. g4 Ne8 29. Rfe1 Bxg4 30. Nxg4 30... Qc7
$18) 28... Ne8 29. Nd7 $4 {White loses the upper hand} (29. g4 {
a pity that White didn't try this} 29... Nxf6 30. Qxf6 $16 (30. gxh5 $6 30...
Ne8 $11)) 29... Ra8 $11 30. f5 g5 (30... gxf5 $5 {and Black can hope to survive
} 31. Bxf5 31... Nh6 $11) 31. hxg5 $16 31... Nxg5 32. f6 {
Threatening mate: fxg7} 32... Rf7 33. Bf5 33... Nc7 $2 (33... Bg6 $5 34. Bxg6
34... hxg6 $16) 34. Nf8 $18 34... h6 (34... Ne8 $18) 35. Re3 b5 36. g4 (36. Ne6
{and White can already relax} 36... Re8 $18) 36... bxc4 (36... bxa4 {
doesn't change the outcome of the game} 37. gxh5 a3 38. Ng6+ Kg8 39. Qe2 $18)
37. gxh5 c3 38. Rxc3 Nxd5 (38... Rb8 39. Be6 Qxa4 40. Rg3 $18) 39. Rd3 c4 40.
bxc4 Qc5+ 41. Qd4 (41. Kh1 {keeps an even firmer grip} 41... Nc7 42. Ng6+ 42...
Kg8 $18) 41... Qxd4+ 42. Rxd4 Ne3 (42... Nxf6 {doesn't change anything anymore}
43. Rxd6 Rfxf8 44. exf8=Q+ Rxf8 45. Bb1 $18) 43. Bg6 (43. Ng6+ Kh7 44. Rxd6
Rxf6 45. Rxf6 $18) 43... Kg8 (43... Rfxf8 44. exf8=Q+ Rxf8 45. Rxd6 Nxf1 46.
Kxf1 46... Nf3 $18) 44. Rxd6 (44. Rxd6 Rfxf8 45. f7+ Kg7 46. e8=Q Rfxe8 47.
fxe8=N+ Rxe8 48. Bxe8 Nxf1 49. Kxf1 $18) 1-0

[Event "BL9293"]
[Site "?"]
[Date "1992.??.??"]
[Round "?"]
[White "Nunn, J."]
[Black "Kramnik, V."]
[Result "1/2-1/2"]
[WhiteElo "2595"]
[BlackElo "2625"]
[PlyCount "81"]
[EventDate "1993.??.??"]

1. e4 {B66: Sicilian: Richter-Rauzer: 7...a6 8 0-0-0 h6} 1... c5 2. Nf3 Nc6 3.
d4 cxd4 4. Nxd4 Nf6 5. Nc3 d6 6. Bg5 e6 7. Qd2 a6 8. O-O-O h6 9. Bf4 Bd7 10.
Nxc6 Bxc6 11. f3 d5 12. Qe1 Bb4 13. a3 Ba5 14. Bd2 Qe7 15. e5 Nd7 16. f4 b5 17.
Ne2 Bxd2+ 18. Qxd2 O-O 19. Nd4 Rfc8 20. Bd3 20... Nc5 {last book move} 21. Kb1
(21. f5 21... a5 $11) 21... Bd7 (21... Nxd3 22. cxd3 b4 23. Rc1 $15) 22. g4 (
22. Qa5 Qd8 23. Qxd8+ 23... Rxd8 $14) 22... Rab8 (22... Nxd3 23. Qxd3 b4 24.
axb4 Qxb4 25. g5 $15) 23. g5 {White gains space} (23. Qb4 Qd8 24. g5 hxg5 25.
fxg5 25... Qxg5 $17) 23... b4 24. gxh6 bxa3 25. b3 {Consolidates a4} 25... g6 {
Prevents intrusion on f5} 26. h4 Na4 ({Not} 26... Nxd3 27. Qxd3 Bb5 28. Qd2 $14
) 27. Rdg1 a2+ (27... Nc3+ 28. Ka1 Qc5 29. Nf3 $11) 28. Ka1 28... Qa3 {
Threatening mate: Qb2} 29. Qc1 Qb4 30. Ne2 Nc5 31. Rxg6+ Kh8 32. Rg7 {
Do you see the mate threat?} 32... Nxb3+ {Demolishes the pawn shield} 33. cxb3
{Exploits the pin.} 33... Rxc1+ {A double attack} 34. Rxc1 34... Qxb3 {
The mate threat is Qb2} 35. Rh7+ Kg8 36. Rg1+ Kf8 37. Rh8+ Ke7 38. Rxb8 Qxd3 (
38... Qxb8 39. h7 (39. Kxa2 {is the less attractive alternative} 39... Bb5 40.
Nd4 40... Qb6 $17) 39... Ba4 40. Rg7 $11) 39. Rc1 Qxe2 40. h7 {
Do you see the mate threat?} 40... Qd2 41. h8=Q {The mate threat is Qf6}
1/2-1/2

[Event "Gausdal"]
[Site "?"]
[Date "1992.??.??"]
[Round "?"]
[White "Kramnik, V."]
[Black "Lerner, K."]
[Result "1-0"]
[WhiteElo "2590"]
[BlackElo "2515"]
[PlyCount "79"]
[EventDate "1992.??.??"]
[Source "Andry's Collect"]
[SourceDate "2000.??.??"]

1. b3 {A01: Nimzowitsch-Larsen Opening} 1... e5 2. Bb2 d6 3. g3 Nf6 4. Bg2 Be7
5. e3 Nc6 6. d3 O-O 7. Nf3 h6 8. c4 Be6 9. O-O Qd7 10. d4 exd4 11. exd4 11...
Bf5 {last book move} 12. a3 {Prevents intrusion on b4} 12... Rae8 13. d5 {
White wins space} 13... Nb8 14. Nc3 Bd8 15. Nd4 Bh3 16. Qd3 Re5 17. Nce2 Bxg2
18. Kxg2 Rfe8 19. Nf4 (19. Rae1 c6 20. Nc2 cxd5 21. Bxe5 dxe5 22. cxd5 22...
Nxd5 $14) 19... Re4 20. Rad1 Na6 21. b4 Nb8 22. Nb3 g5 (22... a6 23. Nd2 R4e7
24. Bxf6 gxf6 25. Nf3 $16) 23. Nd2 gxf4 24. Bxf6 Re2 25. Bc3 Qg4 26. Qd4 Kh7
27. Rde1 c5 28. Qd3+ 28... f5 {White now must not overlook the idea Rxe1} 29.
Rxe2 Rxe2 30. bxc5 dxc5 31. Nf3 {White threatens strongly Qxe2} 31... Re4 32.
d6 (32. h3 $5 32... Qg6 33. Ne5 33... Qe8 $18) 32... Nd7 33. Qd5 Qg6 34. Qxb7 {
White gets deadly initiative. .} 34... Qxd6 35. Be5 $1 {
securing the advantage in this game} 35... Qd3 (35... Rxe5 36. Nxe5) 36. Bxf4
$18 36... Bf6 37. Qc6 (37. Rc1 37... Re7 $18) 37... Re7 $16 38. Rc1 Qe4 39. Qd6
39... Qb7 $2 (39... Rg7 $5 $16) 40. Rd1 $18 (40. Rd1 Kg7 41. Rd5 $18) 1-0

[Event "Manila (ol)"]
[Site "?"]
[Date "1992.??.??"]
[Round "?"]
[White "Kramnik, V."]
[Black "Nunn, J."]
[Result "1-0"]
[WhiteElo "2590"]
[BlackElo "2615"]
[PlyCount "65"]
[EventDate "1992.??.??"]
[Source "Andry's Collect"]
[SourceDate "2000.??.??"]

1. d4 {E81: King's Indian: Saemisch: 6th move deviations (including 6 Be3 c6)}
1... Nf6 2. c4 g6 3. Nc3 Bg7 4. e4 d6 5. f3 O-O 6. Be3 c5 7. dxc5 dxc5 8. Qxd8
Rxd8 9. Bxc5 Nc6 10. Ba3 a5 11. Rd1 Be6 12. Nd5 Bxd5 13. cxd5 Nb4 14. Bb5 Nc2+
15. Kf2 (15. Ke2 Nxa3 16. bxa3 16... Rdc8 $14) 15... Nxa3 16. bxa3 e6 17. d6 {
He broke from his leash} 17... e5 (17... Rac8 18. a4 $11) 18. Ne2 Bf8 19. d7
Bxa3 20. g4 h6 21. h4 a4 22. Rd3 Bb2 23. g5 hxg5 24. hxg5 Nh7 25. f4 Ra5 26.
Rd5 f6 (26... Nf8 27. f5 27... Nh7 $16) 27. Rxh7 $1 $18 {a brilliant end} 27...
Kxh7 28. gxf6 {White threatens fxe5} 28... exf4 29. e5 Kh6 30. Nxf4 Bxe5 31.
Rxe5 Rxd7 (31... Rxb5 {the only chance to get some counterplay} 32. Rxb5 32...
Rxd7 $18) 32. Bxd7 Rxe5 33. f7 (33. f7 Kg7 34. f8=Q+ Kxf8 35. Nxg6+ Kf7 36.
Nxe5+ Ke7 37. Bxa4 $18) (33. Bxa4 $6 {succumbs to} 33... Re4 34. Nxg6 34...
Rxa4 $11 (34... Kxg6 $4 35. Bc2 $18)) 1-0

[Event "Biel izt"]
[Site "?"]
[Date "1993.??.??"]
[Round "11"]
[White "Portisch, L."]
[Black "Kramnik, V."]
[Result "0-1"]
[WhiteElo "2585"]
[BlackElo "2710"]
[PlyCount "84"]
[EventDate "1993.??.??"]

1. d4 {D13: Slav Defence: Exchange variation without ...Bf5} 1... d5 2. c4 c6
3. cxd5 cxd5 4. Nf3 Nf6 5. Nc3 Nc6 6. Bf4 Ne4 7. e3 Nxc3 8. bxc3 g6 9. Be2 Bg7
10. O-O O-O 11. c4 dxc4 12. Bxc4 Bf5 13. Rc1 Rc8 14. Qe2 14... a6 {Controls b5}
15. h3 {Consolidates g4} 15... Na5 16. Bd3 Bxd3 17. Qxd3 Qd7 18. Rc3 {
The rook intends Rc1-c3-c7-c5} 18... b5 19. Rfc1 Nc4 20. Qe2 Nb6 21. Rc7 Qe6
22. Bg5 Nd5 23. R7c5 {An ideal square for the white rook.} 23... h6 24. Bh4 b4
25. Qb2 25... Nc3 {Plans Rxc5. The knight dominates} 26. Rxc8 Rxc8 27. Kh1 Kh7
28. Ra1 a5 29. Qb3 Qxb3 30. axb3 g5 31. Bg3 a4 32. Nd2 a3 33. Rc1 e5 34. d5 $2
(34. Nf3 exd4 35. Nxd4 Bxd4 36. exd4 36... Rd8 $19) 34... a2 (34... Rc5 $5 {
might be the shorter path} 35. d6 Rd5 36. Nf3 $19) 35. Ra1 35... e4 {
Black threatens.... what?} 36. d6 36... Ra8 {Threatens Ne2} 37. Nc4 37... Nb5 {
Black threatens strongly Bxa1} 38. Be5 38... Nxd6 $1 {the knockout punch} 39.
Rxa2 (39. Nxd6 {A deflection} 39... Bxe5 {A double attack}) 39... Rxa2 40. Bxd6
Rxf2 41. Bxb4 (41. Kg1 41... Rf5 $19) 41... Rf1+ 42. Kh2 Rb1 (42... Rb1 43. Bd2
43... Rxb3 $19) 0-1

[Event "PCA-WchQual3 New York"]
[Site "?"]
[Date "1994.??.??"]
[Round "1"]
[White "Kamsky, G."]
[Black "Kramnik, V."]
[Result "1-0"]
[WhiteElo "2695"]
[BlackElo "2710"]
[PlyCount "81"]
[EventDate "1994.??.??"]

1. d4 {D44: Semi-Slav: Botvinnik System} 1... d5 2. c4 c6 3. Nc3 Nf6 4. Nf3 e6
5. Bg5 dxc4 6. e4 b5 7. e5 h6 8. Bh4 g5 9. Nxg5 hxg5 10. Bxg5 Nbd7 11. exf6 Bb7
12. g3 c5 13. d5 Qb6 14. Bg2 O-O-O 15. O-O b4 16. Na4 Qb5 17. a3 Ne5 18. axb4
cxb4 19. Qd4 Nc6 20. dxc6 20... Rxd4 {last book move} 21. cxb7+ {
White gets kings attack} 21... Kc7 (21... Kb8 22. Be3 Qh5 23. h3 $14) 22. Be3
$14 22... e5 23. Nc3 {The mate threat is Nxb5} 23... bxc3 24. bxc3 Bc5 25. cxd4
(25. Rfb1 $5 25... Rd1+ 26. Rxd1 Bxe3 27. fxe3 $14) 25... Bxd4 $11 {
A beautiful square!} 26. Rfb1 Qc5 27. Ra6 Rb8 28. Bc1 c3 (28... Bxf2+ $5 29.
Kh1 29... Kd7 $16) 29. Ba3 $18 29... Qc4 30. Bd6+ Kd7 31. Bc6+ 31... Ke6 $4 {
strolling merrily down the path to disaster} (31... Qxc6 32. Rxc6 Rxb7 33. Rc7+
Rxc7 34. Bxc7 34... Kxc7 $16) 32. Bb5 $18 (32. Bxb8 {
is the less attractive alternative} 32... Qxa6 33. Bd6 Bxf2+ 34. Kg2 Qxc6+ 35.
Kxf2 35... c2 $15) 32... Bxf2+ 33. Kxf2 Qd4+ 34. Kf1 Qe4 (34... Qxd6 {
there is nothing else anyway} 35. Bc4+ Kd7 36. Rxd6+ Kxd6 37. Rd1+ Kc5 38. Bxf7
38... Rxb7 $18) 35. Re1 Qh1+ 36. Kf2 Qxh2+ 37. Kf3 Rxb7 38. Bxe5+ Rb6 (38...
Kd5 {what else?} 39. Bc6+ Kc4 40. Bxb7 40... c2 $18) 39. Bc4+ Kd7 40. Rxa7+ Kc8
41. Rc7+ (41. Rc7+ Kd8 42. Rxf7 Qh5+ 43. g4 Qxf7 44. Bxf7 $18) (41. Ra8+ {
and White can celebrate victory} 41... Kd7 42. Rd1+ Qd2 43. Ra7+ 43... Kc8 $18)
1-0

[Event "Moscow olm  RUS 1-UKR"]
[Site "?"]
[Date "1994.??.??"]
[Round "?"]
[White "Kramnik, V."]
[Black "Malaniuk, V."]
[Result "1-0"]
[WhiteElo "2725"]
[BlackElo "2610"]
[PlyCount "81"]
[EventDate "1994.??.??"]

1. Nf3 {A87: Dutch Defence: Leningrad System: 5 Nf3} 1... f5 2. g3 Nf6 3. Bg2
d6 4. d4 g6 5. O-O Bg7 6. c4 O-O 7. Nc3 Qe8 8. d5 Na6 9. Rb1 Bd7 10. b4 c5 11.
dxc6 Bxc6 12. Qb3 Ne4 13. Bb2 Nxc3 14. Bxc3 Bxc3 15. c5+ (15. Qxc3 $5 15... Nc7
16. c5 $14) 15... e6 $15 16. Qxc3 dxc5 17. b5 Bxb5 18. Ne5 {
The knight feels good on e5} 18... Rb8 (18... Bxe2 $2 {
doesn't lead to anything significant} 19. Rxb7 Qd8 20. Re1 $18) 19. Rfe1 b6 20.
e4 Nc7 21. exf5 gxf5 22. Qe3 a6 23. Qg5+ Kh8 24. Rbd1 Rg8 25. Qf4 Qe7 (25...
Rg7 $5 $15 {must definitely be considered}) 26. Bc6 $14 26... Rg4 (26... Rbd8
$5 {and Black could well hope to play on} 27. Rxd8 Rxd8 28. Bxb5 28... axb5 $14
(28... Nxb5 29. Nc6 Qd7 30. Nxd8 Qxd8 31. Qe5+ Kg8 32. Qxe6+ Kg7 33. Qxf5 $18))
27. Nxg4 $18 27... Bxc6 28. Rd6 28... Be8 $2 (28... Bb5 29. Rdxe6 $1 {
Clearance to allow e5-b8} 29... Nxe6 30. Qxb8+ Qf8 31. Qe5+ Qg7 32. Qxe6 Qxg4
33. Qxb6 $18) 29. Nh6 (29. Rdxe6 {keeps an even firmer grip} 29... Nxe6 30.
Qe5+ Qg7 31. Qxb8 Nc7 32. Rxe8+ Nxe8 33. Qxe8+ Qg8 34. Qe5+ 34... Qg7 $18)
29... Rc8 $4 {causes even greater problems} (29... Qf6 $5 $16) 30. Rxb6 (30.
Rdxe6 $1 {makes sure everything is clear} 30... Nxe6 31. Qe5+ Qg7 32. Qxe6 $18)
30... Qg7 31. Rb7 (31. Qe5 Qxe5 32. Rxe5 32... c4 $18) 31... Bc6 $16 32. Ra7
Nd5 (32... Bd5 $5 $18) 33. Qe5 {Threatening mate... how?} (33. Rxg7 $6 33...
Nxf4 34. Ra7 Nh3+ 35. Kf1 35... Ng5 $16) 33... Qxe5 34. Nf7+ 34... Kg8 {
Threatening mate: Qxe1} 35. Nxe5 (35. Rxe5 Rb8 36. f3 Rb1+ 37. Kg2 Rb2+ 38. Kh3
Rb7 39. Rxa6 Nb4 40. Nh6+ Kf8 41. Rxe6 Nxa6 42. Rxc6 Nb4 43. Rxc5 43... Ra7 $18
) 35... Bb5 36. a4 Bxa4 37. Rxa6 Bb5 38. Rxe6 c4 39. Rd6 Nb4 (39... Nc3 $18)
40. Rb6 Nc2 41. Rb1 (41. Rb1 Nd4 42. R6xb5 Nxb5 43. Rxb5 $18) 1-0

[Event "Moscow PCA"]
[Site "?"]
[Date "1994.??.??"]
[Round "2"]
[White "Kramnik, V."]
[Black "Kasparov, G."]
[Result "1-0"]
[WhiteElo "2710"]
[BlackElo "2805"]
[PlyCount "81"]
[EventDate "1994.??.??"]

1. Nf3 {E93: King's Indian: Classical: Petrosian System with 7...Nbd7} 1... Nf6
2. c4 g6 3. Nc3 Bg7 4. e4 d6 5. d4 O-O 6. Be2 e5 7. d5 Nbd7 8. Be3 Ng4 9. Bg5
f6 10. Bh4 h5 11. Nd2 Nh6 12. f3 Nf7 13. Qc2 Bh6 14. O-O-O c5 15. dxc6 bxc6 16.
Kb1 a5 17. Na4 c5 18. Nc3 Be3 19. Nd5 Bd4 20. Nb3 Bb7 21. Nxd4 cxd4 ({
Inferior is} 21... exd4 22. Nf4 $16) 22. f4 Rb8 23. Rhf1 Nh6 24. c5 {
White launches an attack} 24... Bxd5 25. exd5 Nf5 26. fxe5 Nxh4 ({Weaker is} 
26... dxc5 27. Rxf5 gxf5 28. e6 $16) ({Less advisable is} 26... dxe5 27. Rxf5
gxf5 28. c6 $16) 27. exd6 Ne5 28. Rxd4 Nf5 (28... Nxg2 $2 {
doesn't solve anything} 29. Re4 Rf7 30. Rg1 $18) 29. Rxf5 gxf5 30. Qxf5 Kg7 31.
Bxh5 ({Instead of} 31. Qxh5 31... Rh8 32. Qf5 32... Rxh2 $17) 31... Rh8 $4 {
gives the opponent new chances} (31... Rb5 {was a good chance to save the game}
32. Be2 Rxc5 33. Rg4+ Nxg4 34. Qxg4+ Kh6 35. Qh5+ Kg7 36. Qg4+ Kf7 37. Qe6+ Kg7
38. Qg4+ $11) 32. Rg4+ $1 $18 {the death sentence} 32... Kf8 (32... Nxg4 {
A deflection} 33. Qg6+ {A double attack}) 33. Qe6 {With the decisive threat c6}
33... Rb7 $4 {sad, but how else could Black save the game?} (33... a4 $18) 34.
c6 Rxb2+ 35. Kxb2 Qb6+ 36. Ka3 Qc5+ 37. Ka4 Qc2+ 38. Kb5 Qb2+ 39. Ka6 Qe2+ 40.
Kb7 (40. Kb6 {and White can already relax} 40... Qe3+ 41. Kb7 Rh7+ 42. c7 42...
Nxg4 $18) 40... Rh7+ 41. d7 (41. d7 Qb5+ 42. Kc7 Rxd7+ 43. cxd7 Qc5+ 44. Kb7
Qb5+ 45. Ka8 Qa6+ 46. Qxa6 Nxg4 47. d8=Q+ Kg7 48. h4 Nf2 49. Qb7+ Kh6 50. Qh8#)
1-0